Problemas de electrónica analógica /

Uloženo v:
Podrobná bibliografie
Médium: Kniha
Jazyk:španělština
Vydáno: Valencia, España : Universidad Politécnica de Valencia, 1994, c1994
Témata:
Tagy: Přidat tag
Žádné tagy, Buďte první, kdo vytvoří štítek k tomuto záznamu!

MARC

LEADER 00000nam^a2200000^a^4500
001 000052521
005 20250521000000.0
009 20260310090401.907
020 |a 84-7721-284-8 
037 |a Acervo ITESO - Biblioteca 
041 |a ESP 
082 |a 621. 3815  |b PRO 
245 1 0 |a Problemas de electrónica analógica /  |c Emilio Batalla Viñals... [et al.]. 
264 4 |a Valencia, España :  |b Universidad Politécnica de Valencia,  |c 1994, c1994 
300 |a 400 p. 
336 |a texto  |b txt  |2 rdacontenido 
337 |a sin mediación  |b n  |2 rdamedio 
338 |a volumen  |b nc  |2 rdasoporte 
649 |a XX 
650 |a Amplificadores (Electrónica) 
650 |a Osciladores Eléctricos 
650 |a Sistemas Analógicos Electrónicos 
650 |a Ingeniería Electrónica 
910 |a Fondo General 
920 |a Impresos - Libros 
930 |a Colección General 
905 |a 101 
901 |a 0500010035  |b IT1  |c ACC  |u 20250521 
902 |a https://opac.biblio.iteso.mx/vufind/Record/000052521